Récapitulatif des champions du monde des pilotes de F1 classés par nationalité - Statistiques

Statistiques générales
  • Ce quiz a été pris 1 110 fois
  • Le résultat moyen est 11 sur 14
Statistiques - réponses
Classements Pays % Correct
11 Allemagne
98%
4 France
98%
8 Brésil
94%
15 Royaume-Uni
94%
3 Italie
92%
2 Espagne
90%
5 Argentine
82%
4 Finlande
78%
4 Australie
72%
1 Canada
71%
4 Autriche
70%
2 Etats-Unis
68%
1 Afrique du sud
49%
1 Nouvelle-Zélande
44%
Aucun quiz correspondant
Distribution des résultats
% des personnes avec chaque résultat
Percentile par nombre de réponses
Votre historique - résultats
Vous n’avez pas pris ce quiz